| 000 | 00000nam##2200000za#4500 |
| 001 | 9.571096 |
| 003 | CaOODSP |
| 005 | 20210624182546 |
| 007 | cr ||||||||||| |
| 008 | 150406|2007||||xxc|||||o f|0| 0 eng|d |
| 022 | |a1919-3769 |
| 040 | |aCaOODSP|beng |
| 043 | |an-cn--- |
| 086 | 1 |aFs70-7/2007-014E-PDF |
| 110 | 1 |aCanada. |bDepartment of Fisheries and Oceans. |
| 245 | 10|aScientific information on Avon River fish species |h[electronic resource] |
| 246 | 1 |aMaritimes region - science response: Avon River fish species |
| 260 | |aOttawa - Ontario : |bFisheries and Oceans Canada |cSeptember 2007. |
| 300 | |a4p.|breferences |
| 490 | 1 |aCanadian Science Advisory Secretariat - science response |x1919-3769|v2007/014, Maritimes Region |
| 590 | |a12-29-Supp|b2012-06-25 |
| 775 | 08|tRenseignements scientifiques sur les espèces de poisson de la rivière Avon |w(CaOODSP)9.601740 |
| 830 | #0|aScience response (Canadian Science Advisory Secretariat)|x1919-3769|v2007/014, Maritimes Region|w(CaOODSP)9.506232 |
| 856 | 40|ahttp://publications.gc.ca|qPDF|s40 KB|uhttps://publications.gc.ca/collections/collection_2011/mpo-dfo/Fs70-7-2007-014-eng.pdf|y2007/014, Maritimes Region |